[Event "Bad Wiessee Senioren Cup 8th"]
[Site "Bad Wiessee"]
[Date "2019.05.13"]
[Round "3"]
[White "Ewald, Ruediger"]
[Black "De Polzer, Manfredi"]
[Result "1/2-1/2"]
[WhiteElo "1669"]
[BlackElo "1536"]
[PlyCount "88"]
[EventDate "2019.05.11"]
[EventType "swiss"]
[EventRounds "9"]
[EventCountry "GER"]
[SourceTitle "EXT 2020"]
[Source "ChessBase"]
[SourceDate "2019.10.17"]
[SourceVersion "1"]
[SourceVersionDate "2019.10.17"]
[SourceQuality "1"]

1. e4 e6 2. d4 d5 3. e5 c5 4. Nf3 Qb6 5. c3 Nc6 6. b3 cxd4 7. cxd4 Nge7 8. Bb2 Bd7 9. Bd3 Rc8 10. 0-0 g6 11. Re1 Nb4 12. Nc3 Nxd3 13. Qxd3 Nc6 14. Ne2 Nb4 15. Qd1 Nc2 16. Rc1 Nxe1 17. Rxc8+ Bxc8 18. Nxe1 a5 19. Nc3 Bd7 20. Nc2 a4 21. Ba3 Bxa3 22. Nxa3 Qb4 23. Nab1 0-0 24. bxa4 Rc8 25. Qb3 Qxb3 26. axb3 Rc6 27. f3 Rb6 28. Nd2 Rb4 29. Ne2 Rb6 30. Kf2 Kg7 31. Ke3 Rc6 32. b4 Rc2 33. b5 h6 34. Kd3 Rc8 35. Nc3 Kf8 36. Nb3 b6 37. f4 h5 38. h4 Ke7 39. Nd2 f6 40. Nf3 Rc4 41. exf6+ Kxf6 42. Ne5 Rc7 43. g3 Be8 44. Na2 Ra7 1/2-1/2